ბათუმის შოთა რუსთაველის სახელმწიფო უნივერსიტეტის ბიბლიოთეკა

მეფე სოლომონ I და მისი შთამომავლობა : (ბიბ.ჩანაწერი № 63662)

000 -ლიდერი
ფიქსირებული სიგრძის საკონტროლო ველი 01830nam a22002537a 4500
003 - საკონტროლო ნომრის იდენტიფიკატორი
საკონტროლო ველი Ge_BSU
005 - ბოლო ოპერაციის თარიღი და დრო
საკონტროლო ველი 20251203200345.0
008 - ფიქსირებული სიგრძის მონაცემთა ელემენტები - ზოგადი ინფორმაცია
ფიქსირებული სიგრძის საკონტროლო ველი 251203s2020 ge ||||| |||| 00| 0 geo d
020 ## - წიგნის საერთაშორისო სტანდარტული ნომერი
International Standard Book Number 9789941821837
041 ## - ენის კოდი
Language code of text/sound track or separate title geo
080 ## - უნივერსალური ათობითი კლასიფიკაციის ინდექსი
Universal Decimal Classification number 94(479.222.1)"1752-1784" :929.731(479.222.1) ჩ-68
100 ## - მთავარი ჩანაწერი - პიროვნების სახელი
Personal name ჩიქოვანი, იური
9 (RLIN) 14142
245 ## - ცნობა სათაურის შესახებ
Title მეფე სოლომონ I და მისი შთამომავლობა :
Remainder of title (გენეალოგიური გამოკვლევა) /
Statement of responsibility, etc სამეცნიერო რედაქტორი ნიკო ჯავახიშვილი; ბოლოთქმა ირინა კვირკველია-ჩიქოვანისა.
264 ## - წარმოების, გამოცემის, დისტრიბუციის და სხვა ცნობები
გამოცემის, წარმოების, დისტრიბუციის... ადგილი თბილისი :
გამოცემის, წარმოების, დისტრიბუციის... სახელწოდება გრიფონი,
გამოცემის, წარმოების, დისტრიბუციის... თარიღი 2020.
300 ## - ფიზიკური აღწერა
Extent 212 გვ. ;
Other physical details 30 სმ.
500 ## - ზოგადი შენიშვნა
General note პუბლიკაცია მომზადდა და დაისტამბა საქართველოს თავად-აზნაურთა საკრებულოს თანადგომით.
501 ## - შენიშვნა თანმხლებ მასალაზე
With note პირთა ანბანური საძიებელი: გვ. 138-174.
504 ## - BIBLIOGRAPHY, ETC. NOTE
Bibliography, etc ბიბლიოგრაფია: გვ. 175-210.
653 ## - INDEX TERM--UNCONTROLLED
Uncontrolled term სოლომონ I, იმერეთის მეფე, 1752-1784.
653 ## - INDEX TERM--UNCONTROLLED
Uncontrolled term საქართველოს მეფეები.
700 ## - ADDED ENTRY--PERSONAL NAME
Personal name ჯავახიშვილი, ნიკო
Relator term სამეცნიერო რედაქტორი, წინასიტყვაობის ავტორი
9 (RLIN) 3484
700 ## - ADDED ENTRY--PERSONAL NAME
Personal name კვირკველია-ჩიქოვანისა, ირინა
Relator term ბოლოსიტყვაობის ავტორი
9 (RLIN) 26342
942 ## - ADDED ENTRY ELEMENTS (KOHA)
Source of classification or shelving scheme
Koha item type წიგნი
ეგზემპლარები
ჩამოწერის სტატუსი დაკარგული ეგზემპლარის სტატუსი კლასიფიკაციის წყარო ან თაროზე გაწყობის სქემა დაზიანების სტატუსი არ გაიცემა მუდმივი მდებარეობა (დაცვის ადგილი) ამჟამინდელი ადგილსამყოფელი თაროზე განთავსების ადგილი შეძენის თარიღი ღირებულება, შესყიდვის ნორმალური ფასი სრული შენახვის შიფრი შტრიხკოდი ბოლო ოპერაციის თარიღი ეგზემპლარის მიმდევრობითი ნომერი (კეტერი?) Uniform Resource Identifier Cost, replacement price ფასის ძალაში შესვლის თარიღი ეგზემპლარის სახეობა საჯარო შენიშვნა
          ბათუმის შოთა რუსთაველის სახელმწიფო უნივერსიტეტის მთავარი ბიბლიოთეკა ბათუმის შოთა რუსთაველის სახელმწიფო უნივერსიტეტის მთავარი ბიბლიოთეკა წიგნსაცავი 2025-12-03 15.00 94(479.222.1) : 929.731(479.222.1) ჩ-68 73209 2025-12-03 73209 საჩუქარი საქართველოს ეროვნული ბიბლიოთეკისაგან 0.00 2025-12-03 წიგნი 15 ლ.